000 01536nam a2200409 c 4500
003 BLK
005 20250107090744.0
008 180407b bul|||||r ||||||| ||bul||
010 _aKNG00035294000
020 _a954-9994-05-8
040 _aBLK
041 _aBUL
_cBUL
080 _aФизика
_b53
_x.000.1
_z53.000.1
080 _aОбщо понятие за науката
_b001.1
_z001.1
080 _aВръзки и взаимоотношения между науките. Вж и 025.4; 168.2
_b001.2
_z001.2
100 1 _aПалюшев, Божидар Борисов
_eпърви автор
_9105845
139 _aПалюшев, Божидар Борисов
_bП 16
245 1 0 _aФизика на Бога - 4
_bНаука за спасението на човечеството
_cБожидар Борисов Палюшев.
257 _aBGR
260 _bДилок
_c2001
_aСофия
300 _a368 с.
_c20 см
380 _a5
490 _aГранични пространства
500 _aОфс. изд. - Библиогр. с. 362-366.
504 _a362-366
650 4 _aФизика - философски проблеми
_9262499
650 4 _aНаука и религия
_9250298
650 4 _aНауки - взаимодействие
_9256797
653 _aфизика
852 _aЦб 207399
856 4 _qpdf
856 4 _qpdf
942 _cKNG
_n0
944 _aCR
_c15.01.2003
_k30545
_lНора Радева
944 _aED
_c18.06.2004
999 _c32619
_d32619
999 _d32619